| 000 | 00405pab a2200169 454500 | ||
|---|---|---|---|
| 008 | 180718b2015 xxu||||| |||| 00| 0 eng d | ||
| 100 | _aMishra, Richa | ||
| 245 | _aBack in classrooms: The blended learning aftermath? | ||
| 260 | _c2015 | ||
| 300 | _ap.23-25. | ||
| 362 | _a12 Jan | ||
| 650 | _aCllassrooms | ||
| 700 | _aKotecha, K. | ||
| 773 | _aUniversity News | ||
| 908 | _aN | ||
| 909 | _a106903 | ||
| 999 |
_c106898 _d106898 |
||